00214nam a2200085Ia 4500008004100000100001900041245003300060260002600093260000900119170620s9999 xx 000 0 und d aN. C. E. R. T. 0aIndian Education Abstracts-5 bNew Delhi- N.C.E.R.T. c1992